Taller Chapala, rescate de la imagen visual del centro histórico y malecón de Chapala /

Kaydedildi:
Detaylı Bibliyografya
Yazar: Urrea Camarena, María del Rocío (autor)
Materyal Türü: Tez Kitap
Dil:İspanyolca
Konular:
Etiketler: Etiketle
Etiket eklenmemiş, İlk siz ekleyin!

MARC

LEADER 00000nam^a2200000^a^4500
001 000185850
005 20250521000000.0
009 20260310102205.64
037 |a Acervo ITESO - Biblioteca 
041 |a ESP 
090 |a ARQ. 761 
100 |a Urrea Camarena, María del Rocío  |e (autor) 
245 1 0 |a Taller Chapala, rescate de la imagen visual del centro histórico y malecón de Chapala /  |c M.R. Urrea Camarena. 
264 |a Guadalajara, México :  |b edición de autor,  |c 2006 
300 |a 1 disco compacto de computadora 
336 |a datos para computadora  |b cod  |2 rdacontenido 
337 |a computadora  |b c  |2 rdamedio 
338 |a disco de computadora  |b cd  |2 rdasoporte 
502 |a ITESO Tesis de Licenciatura en Arquitectura 
649 |a XX 
650 |a Centros Históricos -  |z Chapala, Jalisco 
650 |a Centros Históricos -  |z Jalisco 
650 |a Centros Históricos -  |z México 
650 |a Muelles y Malecones -  |z Chapala, Jalisco 
650 |a Muelles y Malecones -  |z Jalisco 
650 |a Muelles y Malecones -  |z México 
650 |a Imagen Urbana -  |z Chapala, Jalisco 
650 |a Imagen Urbana -  |z Jalisco 
650 |a Imagen Urbana -  |z México 
650 |a Patrimonio Artístico -  |z Chapala, Jalisco 
650 |a Patrimonio Artístico -  |z Jalisco 
650 |a Patrimonio Artístico -  |z México 
650 |a Patrimonio Histórico -  |z Chapala, Jalisco 
650 |a Patrimonio Histórico -  |z Jalisco 
650 |a Patrimonio Histórico -  |z México 
650 |a Restauración y Conservación Arquitectónica -  |z Chapala, Jalisco 
650 |a Restauración y Conservación Arquitectónica -  |z Jalisco 
650 |a Restauración y Conservación Arquitectónica -  |z México 
650 |a Restauración y Conservación Urbana -  |z Chapala, Jalisco 
650 |a Restauración y Conservación Urbana -  |z Jalisco 
650 |a Restauración y Conservación Urbana -  |z México 
650 |a Valoración Patrimonial e Histórica -  |z Chapala, Jalisco 
650 |a Valoración Patrimonial e Histórica -  |z Jalisco 
650 |a Valoración Patrimonial e Histórica -  |z México 
650 |a Ecodiseño -  |z Chapala, Jalisco 
650 |a Ecodiseño -  |z Jalisco 
650 |a Ecodiseño -  |z México 
650 |a Arquitectura Jalisciense -  |x Historia y Crítica 
650 |a Arquitectura Mexicana -  |x Historia y Crítica 
650 |a Arte Jalisciense -  |x Historia y Crítica 
650 |a Arte Mexicano -  |x Historia y Crítica 
650 |a Urbanismo -  |z Chapala, Jalisco 
650 |a Urbanismo -  |z Jalisco 
650 |a Urbanismo -  |z México 
650 |a Chapala, Jalisco -  |x Descripción 
650 |a Jalisco -  |x Descripción 
650 |a México -  |x Descripción 
910 |a Fondo General 
920 |a Electrónicos - Tesis del ITESO en Disco 
905 |a 202 
901 |a 0500127173  |b IT2  |c STS  |u 20250521 
902 |a https://opac.biblio.iteso.mx/vufind/Record/000185850